| 000 | 00384nam a22001697a 4500 | ||
|---|---|---|---|
| 003 | MACL | ||
| 005 | 20151001173249.0 | ||
| 008 | 151001b xxu||||| |||| 00| 0 eng d | ||
| 040 | _cMACL | ||
| 041 | _aEnglish | ||
| 082 | _a910/BHA | ||
| 100 |
_aBhalla Alok _98748 |
||
| 245 | _aYatra 4 | ||
| 260 |
_aNoida _bIndus _c1994 |
||
| 650 |
_aGrography & Travel _913172 |
||
| 942 |
_2ddc _cBK |
||
| 999 |
_c50335 _d50335 |
||